| 000 | 01399nam a2200337 a 4500 | ||
|---|---|---|---|
| 001 | ebr10218034 | ||
| 003 | CaPaEBR | ||
| 006 | m u | ||
| 007 | cr cn||||||||| | ||
| 008 | 060130s2006 enka sb 001 0 eng | ||
| 010 | _z 2006921463 | ||
| 020 | _z9781412920599 (hbk.) | ||
| 020 | _z1412920590 (hbk.) | ||
| 020 | _z9781412920605 (pbk.) | ||
| 020 | _z1412920604 (pbk.) | ||
| 040 |
_aCaPaEBR _cCaPaEBR |
||
| 035 | _a(OCoLC)290527847 | ||
| 050 | 1 | 4 |
_aPE1128.A2 _bB67 2006eb |
| 082 | 0 | 4 |
_a371.1 _222 |
| 100 | 1 | _aBrandt, Caroline. | |
| 245 | 1 | 0 |
_aSuccess on your certificate course in English language teaching _h[electronic resource] : _ba guide to becoming a teacher in ELT/TESOL / _cCaroline Brandt. |
| 260 |
_aLondon ; _aThousand Oaks, Calif. : _bSAGE Publications, _c2006. |
||
| 300 |
_aviii, 230 p. : _bill. |
||
| 504 | _aIncludes bibliographical references (p. [221]-223) and index. | ||
| 533 |
_aElectronic reproduction. _bPalo Alto, Calif. : _cebrary, _d2013. _nAvailable via World Wide Web. _nAccess may be limited to ebrary affiliated libraries. |
||
| 650 | 0 |
_aEnglish language _xStudy and teaching _xForeign speakers. |
|
| 650 | 0 |
_aEnglish teachers _xTraining of. |
|
| 655 | 7 |
_aElectronic books. _2local |
|
| 710 | 2 | _aebrary, Inc. | |
| 856 | 4 | 0 |
_uhttp://site.ebrary.com/lib/rucke/Doc?id=10218034 _zAn electronic book accessible through the World Wide Web; click to view |
| 999 |
_c129591 _d129591 |
||